[Event "SR 2. liga A 2013/2014"]
[Site "?"]
[Date "2014.03.15"]
[Round "10.3"]
[White "Bronis, Marian"]
[Black "Merva, Frantisek"]
[Result "1/2-1/2"]
[WhiteElo "2175"]
[BlackElo "2022"]
[PlyCount "52"]
[EventDate "2013.??.??"]

1. d4 d5 2. c4 c6 3. Nc3 Nf6 4. e3 a6 5. Qc2 g6 6. Bd3 Bg7 7. Nf3 O-O 8. O-O
Nbd7 9. Bd2 dxc4 10. Bxc4 b5 11. Be2 Bb7 12. b4 Nd5 13. Ne4 N7b6 14. Nc5 Bc8
15. h3 e5 16. dxe5 Nd7 17. e4 N5b6 18. Rad1 Qe7 19. Bg5 Qe8 20. Nxd7 Bxd7 21.
Be3 Na4 22. Bd4 Qe7 23. Rb1 Rfc8 24. Rfc1 Bh6 25. Rd1 c5 26. bxc5 Nxc5 1/2-1/2

[Event "SR 2. liga A 2013/2014"]
[Site "?"]
[Date "2014.03.15"]
[Round "10.3"]
[White "Kahancova, Jana"]
[Black "Biro, Karol"]
[Result "1/2-1/2"]
[WhiteElo "1652"]
[BlackElo "2190"]
[PlyCount "100"]
[EventDate "2013.??.??"]

1. e4 e6 2. d4 d5 3. exd5 exd5 4. Bd3 c5 5. dxc5 Bxc5 6. Nf3 Ne7 7. Nc3 Nbc6 8.
O-O a6 9. a3 Bg4 10. Be2 O-O 11. b4 Ba7 12. Bb2 d4 13. Ne4 Ng6 14. h3 Qe7 15.
Ng3 Be6 16. Re1 Qd7 17. Bf1 Rad8 18. Qd2 Qc7 19. Ne2 Qb6 20. Ng3 Qc7 21. Rad1
Bd5 22. Be2 Nf4 23. Nf5 Be4 24. Ng3 Bg6 25. Bf1 f6 26. Bc4+ Kh8 27. Ne2 Ne5 28.
Qxf4 Nxf3+ 29. Qxf3 Qxc4 30. Nf4 Bxc2 31. Ne6 Qc8 32. Qg3 Qd7 33. Nxf8 Rxf8 34.
Rd2 d3 35. Re4 Re8 36. Qf3 Bb8 37. Kf1 h6 38. Rc4 Qe6 39. Qe3 Qxe3 40. fxe3 Ba7
41. Bd4 Bxd4 42. exd4 Rd8 43. Kf2 b5 44. Rc6 Rxd4 45. Rxa6 f5 46. Rc6 Rf4+ 47.
Ke3 Re4+ 48. Kf2 Rf4+ 49. Ke3 Re4+ 50. Kf2 Rf4+ 1/2-1/2

[Event "SR 2. liga A 2013/2014"]
[Site "?"]
[Date "2014.03.15"]
[Round "10.3"]
[White "Duriga, Stefan"]
[Black "Kahanec, Jan"]
[Result "1-0"]
[WhiteElo "2243"]
[BlackElo "1693"]
[PlyCount "97"]
[EventDate "2013.??.??"]

1. d4 d5 2. c4 e6 3. Nc3 Nf6 4. Bg5 Be7 5. e3 h6 6. Bh4 c6 7. Rc1 Ne4 8. Bxe7
Qxe7 9. Nf3 Nxc3 10. bxc3 Nd7 11. Qb3 Nf6 12. Bd3 O-O 13. O-O b6 14. Ne5 Qc7
15. cxd5 exd5 16. c4 Be6 17. cxd5 Bxd5 18. Bc4 Bxc4 19. Qxc4 c5 20. Nd3 Ne4 21.
Rfd1 Nd6 22. Qd5 c4 23. Ne5 b5 24. e4 a6 25. f3 a5 26. a4 bxa4 27. Nxc4 Nxc4
28. Rxc4 Qb6 29. Rxa4 Rfd8 30. Qa2 Ra7 31. h3 Rad7 32. Qa1 Ra7 33. Kh1 Rd6 34.
d5 Qb5 35. Qd4 Rad7 36. Rda1 Ra6 37. Qc4 Qb6 38. Qc8+ Rd8 39. Qc3 Rda8 40. e5
R6a7 41. d6 Qb5 42. f4 Qd5 43. Rd4 Qb5 44. Raa4 Rb7 45. Qd3 Qc6 46. Rdc4 Qb5
47. Qe4 Qd7 48. Rc7 Rb1+ 49. Kh2 1-0

[Event "SR 2. liga A 2013/2014"]
[Site "?"]
[Date "2014.03.15"]
[Round "10.4"]
[White "Sosovicka, Juraj"]
[Black "Sipos, Istvan"]
[Result "1/2-1/2"]
[WhiteElo "2188"]
[BlackElo "2465"]
[PlyCount "120"]
[EventDate "2013.??.??"]

1. e4 e6 2. d4 d5 3. Nd2 c5 4. exd5 Qxd5 5. Ngf3 cxd4 6. Bc4 Qd6 7. O-O Nf6 8.
Nb3 Nc6 9. Nbxd4 Nxd4 10. Qxd4 Qxd4 11. Nxd4 Bd7 12. Bf4 Rc8 13. Bb3 Bc5 14.
Rad1 O-O 15. c3 Rfd8 16. Rfe1 Be8 17. Nc2 a5 18. a4 Kf8 19. Ne3 Ne4 20. Rxd8
Rxd8 21. Rd1 Rxd1+ 22. Bxd1 Ke7 23. Bc7 b6 24. Bc2 Nd6 25. b4 axb4 26. cxb4 Bd4
27. a5 bxa5 28. bxa5 Bb5 29. Bb6 Bxb6 30. axb6 h6 31. Be4 Kd7 32. Bf3 Bc6 33.
Be2 Bb7 34. Nc4 Nxc4 35. Bxc4 Kc6 36. h4 Kxb6 37. f3 Kc5 38. Be2 Bc6 39. Kf2
Bb5 40. Bd1 Kd4 41. g4 Bc4 42. Bc2 Kc3 43. Be4 Bd5 44. Bh7 Kd2 45. h5 e5 46.
Bf5 Bc4 47. Be4 Bd3 48. Bd5 f5 49. gxf5 Bxf5 50. Bf7 Bd7 51. Bg6 Be6 52. f4
exf4 53. Kf3 Ke1 54. Kxf4 Kf2 55. Be4 Bc4 56. Kg4 Ke3 57. Bc6 Be2+ 58. Kh4 Kf4
59. Bd5 Bg4 60. Bc4 Bxh5 1/2-1/2

[Event "SR 2. liga A 2013/2014"]
[Site "?"]
[Date "2014.03.15"]
[Round "10.4"]
[White "Berczes, Csaba"]
[Black "Zatko, Gregor"]
[Result "1/2-1/2"]
[WhiteElo "2366"]
[BlackElo "2188"]
[PlyCount "126"]
[EventDate "2013.??.??"]

1. Nf3 d5 2. g3 c6 3. Bg2 Bg4 4. c4 Nd7 5. cxd5 cxd5 6. Nc3 e6 7. Qb3 Ngf6 8.
Qxb7 Rb8 9. Qc6 Be7 10. Qa4 O-O 11. d3 Nc5 12. Qc2 d4 13. Nb1 Qa5+ 14. Bd2 Qa6
15. Nxd4 Rfc8 16. Nc3 e5 17. Nf3 Bxf3 18. Bxf3 Nb3 19. Rd1 Nd4 20. Qb1 Ba3 21.
b3 Bb4 22. Ne4 Nxe4 23. Bxe4 Rc2 24. e3 Rxa2 25. Bxb4 Nc2+ 26. Kf1 Nxe3+ 27.
Kg1 Nxd1 28. Be1 Ra1 29. Qc2 Rc8 30. Qd2 Rcc1 31. Kg2 Nc3 32. Qg5 f6 33. Bxh7+
Kf8 34. Qe3 Qc6+ 35. f3 Qb6 36. Qxb6 axb6 37. Bxc3 Ra2+ 38. Kh3 Rxc3 39. Rb1
Rcc2 40. Kg4 Rxh2 41. Be4 Ke7 42. Rc1 Rhc2 43. Rh1 Rc7 44. Rh8 Rb2 45. Bd5 Kd6
46. Bc4 Rg2 47. Rb8 Kc6 48. f4 exf4 49. Kxf4 Re2 50. d4 Rf2+ 51. Ke3 Rf5 52.
Ke4 g6 53. Re8 b5 54. Be6 Rf1 55. Bd5+ Kd7 56. Rb8 Re1+ 57. Kf4 Kd6 58. Rxb5
Rd1 59. Bf3 g5+ 60. Kf5 Rf1 61. Kg4 Rc3 62. Rb6+ Ke7 63. Be4 Rg1 1/2-1/2

[Event "SR 2. liga A 2013/2014"]
[Site "?"]
[Date "2014.03.15"]
[Round "10.4"]
[White "Oprea, Erik"]
[Black "Janko, Michal"]
[Result "0-1"]
[WhiteElo "2130"]
[BlackElo "2260"]
[PlyCount "94"]
[EventDate "2013.??.??"]

1. e4 Nf6 2. Nc3 d5 3. e5 Nfd7 4. d4 e6 5. Bd3 c5 6. f4 cxd4 7. Nb5 Nc6 8. Nf3
Qa5+ 9. Bd2 Qb6 10. Ng5 Nc5 11. Nd6+ Bxd6 12. exd6 h6 13. Nf3 Qd8 14. Bb5 Qxd6
15. O-O Ne4 16. Be1 Qxf4 17. Qxd4 O-O 18. Bxc6 bxc6 19. Bb4 Re8 20. Ne5 Qg5 21.
Nxf7 Qh5 22. Nd6 e5 23. Qe3 Nxd6 24. Bxd6 Bf5 25. Qb3 Be4 26. Rf2 Re6 27. Bc5
Qg6 28. Raf1 Kh7 29. Qh3 Rb8 30. b4 Rb7 31. Rf8 Bxc2 32. Ra8 Rf6 33. Rxf6 Qxf6
34. Qc8 Rf7 35. h3 Qf1+ 36. Kh2 Qf4+ 37. Kg1 h5 38. Qh8+ Kg6 39. Re8 Qf1+ 40.
Kh2 Qf4+ 41. Kh1 Qf6 42. Rc8 Qf1+ 43. Kh2 Qf4+ 44. Kh1 Kg5 45. Qe8 Kh4 46. Bg1
Be4 47. Rxc6 Bxg2+ 0-1

[Event "SR 2. liga A 2013/2014"]
[Site "?"]
[Date "2014.03.15"]
[Round "10.4"]
[White "Farkas, Gabor"]
[Black "Sosovicka, Matej"]
[Result "0-1"]
[WhiteElo "2307"]
[BlackElo "2098"]
[PlyCount "80"]
[EventDate "2013.??.??"]

1. e4 c5 2. Nf3 d6 3. d4 cxd4 4. Nxd4 Nf6 5. Nc3 a6 6. Bg5 Nbd7 7. f4 Qc7 8.
Qf3 h6 9. Bxf6 Nxf6 10. Nd5 Nxd5 11. exd5 Qa5+ 12. c3 g6 13. f5 Bg7 14. Nb3 Qb6
15. g4 Bd7 16. Bd3 g5 17. O-O-O O-O-O 18. Rhe1 Rhe8 19. Re4 a5 20. Rde1 Be5 21.
Nd2 Bf4 22. b3 e6 23. fxe6 fxe6 24. dxe6 Bc6 25. Rc4 Kb8 26. Qe2 Bd5 27. e7 Rd7
28. Rd4 Qc5 29. Kc2 Rdxe7 30. Be4 Bxd2 31. Kxd2 Rxe4 32. Rxe4 Rxe4 33. Qf2 Rxe1
34. Qxe1 Bc6 35. Qe7 Ka7 36. Qd8 Bf3 37. Kc2 Bxg4 38. Kb2 h5 39. a3 Qf2+ 40.
Ka1 Qe1+ 0-1

[Event "SR 2. liga A 2013/2014"]
[Site "?"]
[Date "2014.03.15"]
[Round "10.4"]
[White "Ac, Alexander"]
[Black "Janko, Ladislav"]
[Result "0-1"]
[WhiteElo "2080"]
[BlackElo "2202"]
[PlyCount "50"]
[EventDate "2013.??.??"]

1. e4 c6 2. d4 d5 3. e5 Bf5 4. c4 e6 5. Nc3 Ne7 6. c5 b6 7. b4 a5 8. Qa4 bxc5
9. bxc5 f6 10. exf6 gxf6 11. Bf4 Bg7 12. Bd6 O-O 13. f4 Re8 14. h3 e5 15. dxe5
fxe5 16. fxe5 Ng6 17. Nf3 Nxe5 18. Nxe5 Qg5 19. Nxd5 Bxe5 20. Ne7+ Rxe7 21.
Bc4+ Kh8 22. O-O Rg7 23. Qc2 Bxa1 24. Rxf5 Qe3+ 25. Kh2 Nd7 0-1

[Event "SR 2. liga A 2013/2014"]
[Site "?"]
[Date "2014.03.15"]
[Round "10.4"]
[White "Balogh, Peter"]
[Black "Ochrana, Ladislav"]
[Result "1/2-1/2"]
[WhiteElo "2081"]
[BlackElo "2045"]
[PlyCount "57"]
[EventDate "2013.??.??"]

1. e4 e5 2. Nf3 Nf6 3. Nc3 Bb4 4. d3 Nc6 5. Bg5 O-O 6. a3 Be7 7. Be2 Ne8 8.
Bxe7 Qxe7 9. Nd5 Qd8 10. O-O d6 11. Ne1 Nd4 12. c3 Nxe2+ 13. Qxe2 f5 14. f4 c6
15. Ne3 fxe4 16. fxe5 Rxf1+ 17. Nxf1 exd3 18. Nxd3 Bf5 19. Rd1 Qg5 20. Nf2 d5
21. Qe3 Qg6 22. Ng3 Nc7 23. Rf1 Ne6 24. Ne2 c5 25. Rd1 Rd8 26. Qf3 Ng5 27. Qg3
Ne6 28. Qf3 Ng5 29. Qg3 1/2-1/2

[Event "SR 2. liga A 2013/2014"]
[Site "?"]
[Date "2014.03.15"]
[Round "10.4"]
[White "Kucera, Michal"]
[Black "Dvorsky, Jozef"]
[Result "0-1"]
[WhiteElo "1943"]
[BlackElo "2013"]
[PlyCount "84"]
[EventDate "2013.??.??"]

1. e4 c5 2. Nf3 Nc6 3. d4 cxd4 4. Nxd4 e5 5. Nb5 a6 6. Nd6+ Bxd6 7. Qxd6 Qf6 8.
Qa3 Qg6 9. Qe3 Nf6 10. f3 d5 11. Nd2 Nd4 12. Kd1 dxe4 13. c3 Nf5 14. Qe1 Nd6
15. Nc4 Nxc4 16. Bxc4 Bf5 17. Qf2 exf3 18. gxf3 Rd8+ 19. Ke1 Nh5 20. Rg1 Qc6
21. Be2 O-O 22. Be3 Rfe8 23. Rd1 Bg6 24. Rxd8 Rxd8 25. Qh4 Qd6 26. Kf2 Qc7 27.
Qb4 e4 28. Rg2 Re8 29. Qc4 Qe7 30. Bg5 Qe5 31. Qd4 Qf5 32. Qd1 h6 33. Bc1 Nf4
34. Bxf4 Qxf4 35. Qd7 Qh4+ 36. Kf1 Re6 37. Qd1 Rf6 38. Kg1 Qf4 39. Qf1 Bh5 40.
Rg3 exf3 41. Bd3 f2+ 42. Kg2 Bf3+ 0-1

[Event "SR 2. liga A 2013/2014"]
[Site "?"]
[Date "2014.03.15"]
[Round "10.4"]
[White "Kosar, Mikulas ml"]
[Black "Jurcak, Marian"]
[Result "1-0"]
[WhiteElo "1881"]
[BlackElo "1868"]
[PlyCount "99"]
[EventDate "2013.??.??"]

1. d4 Nf6 2. Nf3 g6 3. Bf4 Bg7 4. e3 O-O 5. Bd3 d6 6. Nbd2 c5 7. c3 Bd7 8. O-O
b5 9. h3 c4 10. Bc2 Nc6 11. e4 d5 12. e5 Ne8 13. Qe2 Qc8 14. Qe3 Bf5 15. Bxf5
Qxf5 16. g4 Qd7 17. Bh6 Nd8 18. Bxg7 Kxg7 19. Nh2 f5 20. f4 Kg8 21. Qg3 Ng7 22.
Rae1 a5 23. Ndf3 Nde6 24. Ng5 b4 25. Nxe6 Qxe6 26. Nf3 Kh8 27. Qh4 fxg4 28. Ng5
Qg8 29. hxg4 Ne6 30. Nxe6 Qxe6 31. Re2 Rf7 32. Rh2 Raf8 33. f5 gxf5 34. Rxf5
Qg6 35. Rxf7 Rxf7 36. Rf2 bxc3 37. Rxf7 Qxf7 38. bxc3 Kg7 39. Qg5+ Kf8 40. Kg2
Qg6 41. Qf5+ Kg7 42. Kg3 e6 43. Qxg6+ Kxg6 44. Kh4 h6 45. a4 Kh7 46. Kh5 Kg7
47. g5 hxg5 48. Kxg5 Kf7 49. Kh6 Ke7 50. Kg7 1-0

[Event "SR 2. liga A 2013/2014"]
[Site "?"]
[Date "2014.03.15"]
[Round "10.5"]
[White "Cajka, Tibor"]
[Black "Veselsky, Jozef"]
[Result "0-1"]
[WhiteElo "2162"]
[BlackElo "2160"]
[PlyCount "100"]
[EventDate "2013.??.??"]

1. e4 c5 2. d4 cxd4 3. c3 d3 4. c4 d6 5. Nc3 g6 6. Bxd3 Bg7 7. Nge2 Nc6 8. O-O
Nf6 9. f3 O-O 10. Be3 Ne5 11. Rc1 Bd7 12. Kh1 a6 13. Nf4 Nxd3 14. Qxd3 Bc6 15.
Nfd5 Bxd5 16. Nxd5 Nxd5 17. cxd5 Qd7 18. Rc2 Rac8 19. Rfc1 f5 20. exf5 Rxc2 21.
Rxc2 Qxf5 22. Qxf5 Rxf5 23. Rd2 Kf7 24. Kg1 Be5 25. b3 h5 26. h3 Bg3 27. Bf2
Bf4 28. Rd3 Ke8 29. g3 Be5 30. f4 Bg7 31. Be3 Kd7 32. g4 hxg4 33. hxg4 Rf8 34.
Bd4 Bxd4+ 35. Rxd4 b5 36. Kf2 Rh8 37. Kg3 Rh1 38. Rd2 Ke8 39. Rc2 Rg1+ 40. Kh4
Kf7 41. Kg5 Rd1 42. Kh6 Rxd5 43. f5 gxf5 44. g5 Rd1 45. g6+ Kf6 46. Kh7 Rh1+
47. Kg8 Rg1 48. Kf8 Rxg6 49. Ke8 e5 50. Kd7 f4 0-1

[Event "SR 2. liga A 2013/2014"]
[Site "?"]
[Date "2014.03.15"]
[Round "10.5"]
[White "Darazs, Zoltan"]
[Black "Jozefek, Michal"]
[Result "1/2-1/2"]
[WhiteElo "2108"]
[BlackElo "2168"]
[PlyCount "65"]
[EventDate "2013.??.??"]

1. e4 c5 2. Nf3 Nc6 3. d4 cxd4 4. Nxd4 g6 5. Nc3 Bg7 6. Be3 Nf6 7. Bc4 Qa5 8.
O-O O-O 9. Nb3 Qd8 10. h3 d6 11. Qd2 Bd7 12. Bh6 Rc8 13. Bxg7 Kxg7 14. f4 a6
15. Be2 b5 16. Bf3 Be6 17. Nd5 Bxd5 18. exd5 Nb8 19. Nd4 Qb6 20. Kh2 Qc5 21. f5
Rc7 22. c3 Nbd7 23. a4 Ne5 24. axb5 axb5 25. Ra5 Nc4 26. Qg5 Nxa5 27. fxg6 hxg6
28. Nf5+ Kg8 29. Be4 Nxe4 30. Qh6 gxf5 31. Rxf5 e6 32. Rg5+ Nxg5 33. Qxg5+
1/2-1/2

[Event "SR 2. liga A 2013/2014"]
[Site "?"]
[Date "2014.03.15"]
[Round "10.5"]
[White "Spacek, Oliver"]
[Black "Kalmar, Tamas"]
[Result "1/2-1/2"]
[WhiteElo "2041"]
[BlackElo "1974"]
[PlyCount "85"]
[EventDate "2013.??.??"]

1. d4 d5 2. Nf3 Nf6 3. c4 e6 4. Bg5 Be7 5. e3 c6 6. Nbd2 Nbd7 7. Bd3 h6 8. Bh4
O-O 9. O-O b6 10. Rb1 Bb7 11. b4 dxc4 12. Nxc4 c5 13. dxc5 bxc5 14. b5 Nb6 15.
Nfe5 Nxc4 16. Bxc4 Qc7 17. Bg3 Bd6 18. Nd7 Bxg3 19. Nxf6+ gxf6 20. Qg4+ Kh8 21.
hxg3 Qe5 22. Qf4 Qxf4 23. gxf4 Rad8 24. Rb2 Rd6 25. a4 Rg8 26. f3 Kg7 27. Kf2
Kf8 28. a5 Ke7 29. e4 Rgd8 30. a6 Bc8 31. b6 axb6 32. Ra2 Rd2+ 33. Rxd2 Rxd2+
34. Ke3 Rd8 35. Rb1 Rd4 36. Be2 Ra4 37. Rxb6 Ra3+ 38. Kf2 Ra2 39. Ke3 Ra3+ 40.
Kf2 Ra2 41. Ke1 Ra1+ 42. Kd2 Ra2+ 43. Ke3 1/2-1/2

[Event "SR 2. liga A 2013/2014"]
[Site "?"]
[Date "2014.03.15"]
[Round "10.5"]
[White "Meszaros, Lorant"]
[Black "Jablonicky, Martin"]
[Result "1-0"]
[WhiteElo "2027"]
[BlackElo "1967"]
[PlyCount "73"]
[EventDate "2013.??.??"]

1. d4 Nf6 2. c4 g6 3. g3 Bg7 4. Bg2 O-O 5. Nc3 d6 6. Nf3 Nc6 7. O-O a6 8. Re1
Rb8 9. a4 Na5 10. h3 c5 11. Rb1 Bd7 12. dxc5 dxc5 13. Bf4 Rc8 14. Ne5 Bf5 15.
e4 Be6 16. Nd5 Nh5 17. Nd3 Nxf4 18. N3xf4 Bd7 19. h4 e6 20. Ne3 Nc6 21. Ne2 Qe7
22. f4 Nd4 23. e5 Nxe2+ 24. Qxe2 Bc6 25. Ng4 Bxg2 26. Kxg2 h5 27. Nf2 Rfd8 28.
Rbd1 Rxd1 29. Rxd1 f6 30. exf6 Bxf6 31. Ne4 Bd4 32. Ng5 e5 33. Qe4 Rc6 34. Qd5+
Kg7 35. fxe5 Rc8 36. Rf1 Rf8 37. Ne6+ 1-0

[Event "SR 2. liga A 2013/2014"]
[Site "?"]
[Date "2014.03.15"]
[Round "10.5"]
[White "Gasa, Patrik"]
[Black "Vegh, Vince"]
[Result "0-1"]
[WhiteElo "1956"]
[BlackElo "1938"]
[PlyCount "70"]
[EventDate "2013.??.??"]

1. d4 d5 2. c4 c6 3. Nf3 Nf6 4. Nc3 e6 5. e3 Be7 6. Qc2 O-O 7. Bd3 dxc4 8. Bxc4
b5 9. Bd3 a6 10. O-O Bb7 11. Rd1 Nbd7 12. e4 h6 13. Bf4 c5 14. d5 exd5 15. Nxd5
Nxd5 16. exd5 Bf6 17. Rac1 c4 18. Bf1 Re8 19. b3 cxb3 20. Qxb3 Be5 21. Nxe5
Nxe5 22. d6 Nd7 23. a4 Re4 24. Bg3 Rxa4 25. Rc7 Be4 26. Re1 Rd4 27. Qc3 Ra4 28.
f3 Bf5 29. Qb3 Qf6 30. Re7 Rd8 31. Be1 Be6 32. Bc3 Bxb3 33. Bxf6 Nxf6 34. d7
Kf8 35. Re3 Be6 0-1

[Event "SR 2. liga A 2013/2014"]
[Site "?"]
[Date "2014.03.15"]
[Round "10.5"]
[White "Lelkes, Bela"]
[Black "Spacek, Marcel"]
[Result "1-0"]
[WhiteElo "1698"]
[BlackElo "1818"]
[PlyCount "45"]
[EventDate "2013.??.??"]

1. e4 c5 2. f4 a6 3. Nf3 b5 4. d3 g6 5. Bd2 b4 6. c3 Bg7 7. Qb3 Nc6 8. e5 a5 9.
a4 d6 10. d4 Be6 11. d5 bxc3 12. Bxc3 Rb8 13. Bb5 Kf8 14. dxe6 d5 15. exf7 Nh6
16. Ng5 Qc8 17. Qxd5 Nb4 18. Bxb4 cxb4 19. O-O Rb6 20. Nd2 e6 21. Qd4 Qb8 22.
Nc4 Rxb5 23. axb5 1-0

[Event "SR 2. liga A 2013/2014"]
[Site "?"]
[Date "2014.03.15"]
[Round "10.5"]
[White "Ocko, Martin"]
[Black "Lelkes, Geza"]
[Result "1-0"]
[WhiteElo "1736"]
[BlackElo "1641"]
[PlyCount "87"]
[EventDate "2013.??.??"]

1. e4 e5 2. Nf3 Nc6 3. Bb5 Nge7 4. O-O h6 5. c3 a6 6. Ba4 b5 7. Bc2 Ng6 8. d4
d6 9. h3 Bb7 10. Re1 Be7 11. Nbd2 O-O 12. Nf1 Bf6 13. Ng3 Nf4 14. Bxf4 exf4 15.
Nh5 g5 16. Nxf6+ Qxf6 17. Nh2 Bc8 18. Ng4 Bxg4 19. Qxg4 Rae8 20. Qd7 Ne7 21.
Qxc7 Ng6 22. Qc6 Ra8 23. e5 Qd8 24. Qxd6 Qxd6 25. exd6 Rfd8 26. Bxg6 Rxd6 27.
Bc2 Kg7 28. Re7 Re6 29. Re1 Kf6 30. R7xe6+ fxe6 31. Bb3 Re8 32. Re5 Re7 33. Rc5
b4 34. cxb4 Rd7 35. d5 exd5 36. Rxd5 Rxd5 37. Bxd5 Ke5 38. Bb7 a5 39. bxa5 Kd6
40. a6 Kc7 41. Kf1 Kb6 42. Ke2 h5 43. Kf3 Ka7 44. h4 1-0

[Event "SR 2. liga A 2013/2014"]
[Site "?"]
[Date "2014.03.15"]
[Round "10.5"]
[White "Gyurkovics, Gergely"]
[Black "Pipiska, Adam"]
[Result "0-1"]
[WhiteElo "1676"]
[BlackElo "1737"]
[PlyCount "86"]
[EventDate "2013.??.??"]

1. d4 d6 2. e4 g6 3. Nc3 Bg7 4. Nf3 Nf6 5. h3 O-O 6. Bc4 Nbd7 7. O-O e5 8. Bg5
exd4 9. Nxd4 Nc5 10. Re1 Re8 11. Qf3 h6 12. Bxf6 Bxf6 13. Rad1 Nd7 14. Qf4 Ne5
15. Bb3 Bg7 16. Nf3 Nxf3+ 17. Qxf3 Be6 18. Bxe6 Rxe6 19. b3 Bxc3 20. Qxc3 Re5
21. Qe3 Qh4 22. Rd5 Re7 23. f3 Rae8 24. Kf1 f5 25. e5 Rxe5 26. Rxe5 Rxe5 27.
Qd2 Rxe1+ 28. Qxe1 Qxe1+ 29. Kxe1 Kf7 30. Ke2 f4 31. Kd3 Kf6 32. Ke4 g5 33. h4
Kg6 34. c3 c6 35. a3 Kf6 36. c4 Ke6 37. hxg5 hxg5 38. Kd4 b6 39. b4 c5+ 40. Kc3
d5 41. b5 d4+ 42. Kd3 Kf6 43. Ke4 Kg6 0-1

[Event "SR 2. liga A 2013/2014"]
[Site "?"]
[Date "2014.03.15"]
[Round "10.6"]
[White "Kovacocy, Pavel"]
[Black "Cech, Dominik"]
[Result "0-1"]
[WhiteElo "2198"]
[BlackElo "2106"]
[PlyCount "102"]
[EventDate "2013.??.??"]

1. e4 c5 2. Nf3 e6 3. d3 Nc6 4. g3 g6 5. Bg2 Bg7 6. O-O Nge7 7. Nbd2 d6 8. Re1
O-O 9. a4 e5 10. c3 h6 11. Nb3 Be6 12. d4 exd4 13. cxd4 Bxb3 14. Qxb3 cxd4 15.
Bd2 Qd7 16. a5 Rab8 17. h4 Qe6 18. Qa3 Qd7 19. Rac1 b5 20. b4 a6 21. Rcd1 Qa7
22. Bc1 Nd8 23. Bf4 Ne6 24. Bxd6 Rbc8 25. Rd3 Rfd8 26. Bxe7 Qxe7 27. Nd2 Rc3
28. Rxc3 dxc3 29. Nf1 Nd4 30. Ne3 Nc6 31. Nc2 Rd2 32. Qb3 Nd4 33. Nxd4 Bxd4 34.
Kh2 Bxf2 35. Rc1 Bd4 36. Rxc3 Bxc3 37. Qxc3 Qd6 38. h5 Rd3 39. Qc8+ Kg7 40. Qg4
Qxb4 41. hxg6 fxg6 42. Qf4 Qe7 43. e5 Qg5 44. Qf2 Qxe5 45. Bf1 Re3 46. Qg2 h5
47. Qh3 h4 48. Qd7+ Kh6 49. Kh1 hxg3 50. Qc8 Qh5+ 51. Bh3 Qf3+ 0-1

[Event "SR 2. liga A 2013/2014"]
[Site "?"]
[Date "2014.03.15"]
[Round "10.6"]
[White "Petrik, Karol"]
[Black "Drtina, Milan"]
[Result "0-1"]
[WhiteElo "2107"]
[BlackElo "2135"]
[PlyCount "86"]
[EventDate "2013.??.??"]

1. e4 e5 2. g3 g6 3. Bg2 Bg7 4. Ne2 Nc6 5. c3 Nge7 6. O-O O-O 7. d4 exd4 8.
cxd4 d5 9. e5 Bf5 10. Nbc3 Na5 11. h3 c6 12. b3 b6 13. Be3 Bc8 14. Qd2 Bb7 15.
Rac1 Qd7 16. g4 Rac8 17. Na4 Ba6 18. Rfe1 f6 19. f4 fxe5 20. fxe5 Nb7 21. Bg5
Nd8 22. Qb4 Rf7 23. Qd6 Rc7 24. Nf4 Rxf4 25. Bxf4 Ne6 26. Be3 Qc8 27. Bf1 Bb7
28. Qb4 c5 29. dxc5 Nc6 30. Qb5 Nxe5 31. Bg2 d4 32. Bf2 Ba6 33. Qb4 Nd3 34. Qd2
Nexc5 35. Nxc5 bxc5 36. Bg3 Rd7 37. Qa5 Nxe1 38. Bxe1 d3 39. Rxc5 Qxc5+ 40.
Qxc5 Bd4+ 41. Qxd4 Rxd4 42. Bd2 Rd7 43. Kf2 Re7 0-1

[Event "SR 2. liga A 2013/2014"]
[Site "?"]
[Date "2014.03.15"]
[Round "10.6"]
[White "Liptak, Dusan"]
[Black "Karas, Marek"]
[Result "1/2-1/2"]
[WhiteElo "2108"]
[BlackElo "2037"]
[PlyCount "72"]
[EventDate "2013.??.??"]

1. Nf3 Nf6 2. d4 e6 3. c4 b6 4. a3 Bb7 5. Nc3 d5 6. cxd5 Nxd5 7. Qc2 c5 8. e4
Nxc3 9. bxc3 Be7 10. Bb5+ Bc6 11. Bd3 Nd7 12. e5 cxd4 13. cxd4 Rc8 14. Qe2 Nb8
15. Be3 Qd7 16. h4 b5 17. Ng5 Bxg5 18. hxg5 g6 19. Qg4 Qd5 20. f3 Qb3 21. Ke2
a6 22. Qf4 Nd7 23. Bd2 Bb7 24. Bb4 Qb2+ 25. Ke3 Nb6 26. Be4 Rc2 27. Qf6 Re2+
28. Kf4 Nd5+ 29. Bxd5 Qxd4+ 30. Be4 Rxe4+ 31. fxe4 Qxe4+ 32. Kg3 Qxg2+ 33. Kh4
Qe4+ 34. Kh3 Qg2+ 35. Kh4 Qe4+ 36. Kg3 Qg2+ 1/2-1/2

[Event "SR 2. liga A 2013/2014"]
[Site "?"]
[Date "2014.03.15"]
[Round "10.6"]
[White "Polacik, Igor"]
[Black "Arendas, Marek"]
[Result "1/2-1/2"]
[WhiteElo "2168"]
[BlackElo "2096"]
[PlyCount "156"]
[EventDate "2013.??.??"]

1. e4 c6 2. Nc3 d5 3. Nf3 e6 4. d4 dxe4 5. Nxe4 Nd7 6. Bd3 Ngf6 7. Qe2 Qb6 8.
O-O Be7 9. b3 Nf8 10. c4 Ng6 11. Re1 Qc7 12. g3 Nxe4 13. Bxe4 O-O 14. h4 Re8
15. Ng5 f5 16. Bg2 Nf8 17. Nf3 Bd7 18. Bb2 Bf6 19. Rad1 Rad8 20. Bc1 c5 21. Bf4
Qa5 22. dxc5 Bc6 23. Rxd8 Rxd8 24. Bd6 Re8 25. Rd1 Nd7 26. Rb1 Be4 27. Rd1 Nxc5
28. Ng5 Bxg5 29. Bxc5 Qxc5 30. Bxe4 Bf6 31. Bxb7 f4 32. Kg2 fxg3 33. fxg3 Qe7
34. Be4 Rd8 35. Rxd8+ Qxd8 36. Qd3 Qxd3 37. Bxd3 Be7 38. Kf3 h6 39. Bg6 Bd6 40.
g4 Kf8 41. Ke4 Ke7 42. g5 Bb4 43. gxh6 gxh6 44. Kd4 Kd6 45. Be4 a5 46. Bf3 Ba3
47. Ke4 Bc1 48. Bg2 Bd2 49. a3 Be1 50. h5 Bc3 51. Bh3 Be1 52. Kd3 e5 53. Bg2
Kc5 54. Bf3 Bh4 55. Bd5 Bf2 56. Ke4 Bd4 57. Kf5 Bb2 58. Kg6 Bc1 59. Kf6 Bxa3
60. Kxe5 Bb2+ 61. Ke6 Bc3 62. Kd7 Bd2 63. Kc7 Bc3 64. Kb7 Bd2 65. Ka6 Bc3 66.
Bf7 Bd2 67. Kb7 Bc3 68. Kc7 Be5+ 69. Kd7 Bc3 70. Ke6 Bb2 71. Kf5 Bc1 72. Ke4
Bg5 73. Kd3 Bf6 74. Kc2 Be5 75. Kb1 Bf6 76. Ka2 Kb4 77. Be8 Be5 78. Ba4 Bf6
1/2-1/2

[Event "SR 2. liga A 2013/2014"]
[Site "?"]
[Date "2014.03.15"]
[Round "10.6"]
[White "Liptak, Tomas"]
[Black "Krajnak, Robert"]
[Result "1-0"]
[WhiteElo "2108"]
[BlackElo "2045"]
[PlyCount "63"]
[EventDate "2013.??.??"]

1. e4 c5 2. Nf3 e6 3. d4 cxd4 4. Nxd4 Nc6 5. Nb5 d6 6. c4 Nf6 7. N1c3 a6 8. Na3
Qc7 9. Be3 Be7 10. Be2 O-O 11. O-O Ne5 12. Rc1 b6 13. f3 Re8 14. Qe1 Bf8 15.
Qf2 Ned7 16. g4 Kh8 17. g5 Ng8 18. Nab1 Bb7 19. f4 Rac8 20. Nd2 Qb8 21. Bd3 Ba8
22. a4 Ne7 23. Qh4 f5 24. Rf3 g6 25. Rh3 h5 26. gxh6 Nc6 27. Qg3 Be7 28. exf5
Nb4 29. Bd4+ e5 30. fxg6 Nxd3 31. g7+ Kh7 32. Qxd3+ 1-0

[Event "SR 2. liga A 2013/2014"]
[Site "?"]
[Date "2014.03.15"]
[Round "10.6"]
[White "Habrovsky, Richard"]
[Black "Puskar, Peter"]
[Result "0-1"]
[WhiteElo "1931"]
[BlackElo "2063"]
[PlyCount "114"]
[EventDate "2013.??.??"]

1. e4 c5 2. Nf3 d6 3. d4 cxd4 4. Nxd4 Nf6 5. Nc3 a6 6. Be2 e5 7. Nb3 Be7 8. O-O
Be6 9. Be3 O-O 10. Kh1 Nbd7 11. f4 Qc7 12. f5 Bc4 13. Rg1 b5 14. Bf3 Rac8 15.
g4 b4 16. Nd5 Bxd5 17. exd5 e4 18. g5 exf3 19. gxf6 Bxf6 20. Nd4 Rfe8 21. Qxf3
Qc4 22. Rad1 Ne5 23. Qg2 Ng4 24. b3 Qc5 25. Qxg4 Rxe3 26. Nc6 a5 27. Qc4 Qxc4
28. bxc4 Rc3 29. Rg2 Rxc4 30. Nxa5 Rxc2 31. Nc6 Rc4 32. Re2 Kf8 33. Rb1 Bc3 34.
Rb3 Rc5 35. Nxb4 Bxb4 36. Rxb4 Rxd5 37. f6 gxf6 38. Rb7 Rc1+ 39. Kg2 Rg5+ 40.
Kf2 Re5 41. Rd2 d5 42. a4 Ra1 43. Ra7 Kg7 44. Rb2 Re4 45. a5 Rea4 46. Rbb7
R1a2+ 47. Ke3 d4+ 48. Ke4 Re2+ 49. Kd3 Re3+ 50. Kd2 Ra2+ 51. Kd1 Rxh2 52. Rxf7+
Kg6 53. Rg7+ Kf5 54. Rxh7 Ra2 55. Rac7 Ke4 56. Rhf7 Kd3 57. Rxf6 Rd2+ 0-1

[Event "SR 2. liga A 2013/2014"]
[Site "?"]
[Date "2014.03.15"]
[Round "10.6"]
[White "Puchart, Vladimir"]
[Black "Danada, Ondrej"]
[Result "1-0"]
[WhiteElo "2051"]
[BlackElo "1876"]
[PlyCount "45"]
[EventDate "2013.??.??"]

1. d4 Nf6 2. c4 e6 3. g3 c5 4. d5 exd5 5. cxd5 b5 6. Bg2 Bb7 7. e4 d6 8. f4 g6
9. a4 a6 10. axb5 axb5 11. Rxa8 Bxa8 12. Nc3 Qa5 13. e5 b4 14. Nb1 Nfd7 15. Nf3
Bg7 16. e6 Nf6 17. exf7+ Kxf7 18. Ng5+ Kg8 19. Qe2 Qc7 20. Qe6+ Kf8 21. Qxf6+
Bxf6 22. Ne6+ Ke7 23. Nxc7 1-0